| 000 | 00414nam a22001217a 4500 | ||
|---|---|---|---|
| 082 | _a347.549077 | ||
| 100 | _aMahmood, Shaukat ; Shaukat, Nadeem | ||
| 245 |
_aThe Court-Fees Act & Suits Valuation Act (VII of 1887) / _cShaukat Mahmood ; Nadeem Shaukat |
||
| 260 |
_aLahore : _bLegal Research Center, _c2020. |
||
| 300 |
_a490 p. ; _c24cm. |
||
| 942 |
_2ddc _cBK |
||
| 999 |
_c540982 _d540982 |
||